| 000 | 00515nam a2200205 a 4500 | ||
|---|---|---|---|
| 999 |
_c1717 _d1717 |
||
| 001 | 1717 | ||
| 003 | BD-JhCC | ||
| 005 | 20171023185702.0 | ||
| 008 | 171023s2002 bg |||| |||| 000 0 eng d | ||
| 035 | _a(BD-JhCC)1717 | ||
| 040 |
_aBD-JhCC _dBD-JhCC |
||
| 041 | _aeng | ||
| 082 |
_a321.8 _bKAB 2002 |
||
| 100 | _aKabir, Amanullah | ||
| 245 |
_aThe Struggling Democracy of Bangladesh / _cAmanullah Kabir |
||
| 260 |
_aDhaka : _bAdorn ; _c2002 |
||
| 300 |
_a216 p. ; _c22 cm |
||
| 650 | _aDemocracy | ||
| 942 |
_2ddc _cBK |
||